000 01319cam a22003737a 4500
003 CHAP
005 20220329141855.0
008 980323d1997 mx a r 00110 spa d
010 _a75104
011 _a76076
035 _a85653
040 _cCHAP
090 _aTesis
100 0 0 _aGarcía Pérez, Adalberto.
_946444
245 1 0 _aRiego por aspersión por gravedad :
_bcaso San Pablo Macuiltianguis, Oaxaca
_c/por Adalberto García Pérez
260 _aChapingo, Méx. :
_bEl autor,
_c1998.
300 _a79 h. :
_bilus. ; gráfs.
502 _aTesis (Ing. Agr. Esp. en Irrigación) -- UACH. Departamento de Irrigación
590 _aALEPH
_b10
_c20130110
_lUCH01
_h1422
590 _aBATCH-UPD
_b10
_c20130110
_lUCH01
_h0235
590 _aBATCH-UPD
_b10
_c20130110
_lUCH01
_h2029
590 _aBATCH-UPD
_b10
_c20130409
_lUCH01
_h2259
590 _aBATCH-UPD
_b10
_c20130410
_lUCH01
_h1346
590 _aBATCH-UPD
_b10
_c20130914
_lUCH01
_h1530
590 _aCONVERSION
_b10
_c20130109
_lUCH01
_h1341
650 1 4 _aIrrigación
_xOaxaca.
_960439
650 1 4 _aRiego de superficie.
_997372
650 1 4 _aRiego por aspersión.
_997375
901 _aBK
905 _aAlejandra Carrasco M.
942 _cFOLL
949 _bBC
_cTES
_d33724000587598
_eTS2
_fc.2
_h32286
_i85653
_si
949 _bBC
_cTES
_d856531
_eTS1
_h32285
_i85653
_sb
999 _c75104
_d75104